000 00628nam a22001937a 4500
003 OSt
005 20260115023132.0
008 260115b |||||||| |||| 00| 0 eng d
020 _a1-58279-341-7.
040 _aDWCL-Main lib
_cOC
082 _22nd edition
_aGR. 641.83 S161 2003
111 _aR & R Publ;ications Marketing PTY. LTD.
245 _aSalads :
_bhot and cold
_cR & R Publications Marketing PTY. LTD.
260 _aUSA :
_bTrident Reference Publishing,
_cc2003.
300 _a80 pages :
_bcolored illustration ;
_c28 cm.
651 _21. Cooking-Vegetables.
651 _22. Salads.
942 _2ddc
_cGR
_e2nd ed.
_kGR.
_n0
999 _c7399
_d7399